Flash on English for tourism (Registro nro. 13905)

Detalles MARC
000 -Cabecera
Campo de control de longitud fija 00940nam a22003737a 4500
005 - Fecha y hora de la última transacción
Campo de control 20260206193518.0
008 - Elementos de longitud fija--Información general
Campo de control de longitud fija 260206b2017 |||||||| |||| 00| 0 eng d
020 ## - International Standard Book Number
Número Internacional Estándar del Libro (ISBN) 9788853622303
041 ## - Idioma
Código de idioma Inglés
082 ## - Clasificación Decimal Dewey
Número de clasificación 428 M875f2
100 ## - Entrada principal--Autor personal
Nombre personal Morris, Catrin E
245 ## - Título propiamente dicho
Título Flash on English for tourism
250 ## - Edición
Mención de edición 2 edición
260 ## - Pie de imprenta
Lugar de publicación, distribución, etc. Italia
260 ## - Pie de imprenta
Nombre del editor, distribuidor, etc. Eli
260 ## - Pie de imprenta
Fecha de publicación, distribución, etc. 2017
300 ## - Descripción física
Extensión 64 páginas
490 ## - Serie
Título de la Serie Turismo
650 ## - Materia general
Temática (materia general) ENSEÑANZA DEL INGLÉS
650 ## - Materia general
Temática (materia general) TURISMO INTERNACIONAL
650 ## - Materia general
Temática (materia general) VOCABULARIO
650 ## - Materia general
Temática (materia general) FUNCIONES LINGÜÍSTICAS
650 ## - Materia general
Temática (materia general) EJERCICIOS PRÁCTICOS
650 ## - Materia general
Temática (materia general) ECOTURISMO
650 ## - Materia general
Temática (materia general) TIPOS DE TRANSPORTE
650 ## - Materia general
Temática (materia general) TEACHING ENGLISH
650 ## - Materia general
Temática (materia general) INTERNATIONAL TOURISM
650 ## - Materia general
Temática (materia general) VOCABULARY
650 ## - Materia general
Temática (materia general) LINGUISTIC FUNCTIONS
650 ## - Materia general
Temática (materia general) PRACTICAL EXERCISES
650 ## - Materia general
Temática (materia general) ECOTOURISM
650 ## - Materia general
Temática (materia general) TYPES OF TRANSPORT
942 ## - Punto de acceso adicional KOHA
Fuente del sistema de clasificación o colocación Dewey Decimal Classification
Tipo de ítem KOHA Libro
Existencias
Signatura completa Código de barras Programa Académico Tipo de ítem
428 M875f2 26213 Turismo Libro
428 M875f2 26214 Turismo Libro